书目信息 |
| 题名: |
神经生物学纲要
|
|
| 作者: | 徐科 | |
| 分册: | ||
| 出版信息: | 北京 科学出版社 2000 |
|
| 页数: | 431 | |
| 开本: | 26cm | |
| 丛书名: | 中国科学院研究生教学丛书 | |
| 单 册: | ||
| 中图分类: | Q189 | |
| 科图分类: | ||
| 主题词: | 寄生物--生物学 | |
| 电子资源: | ||
| ISBN: | 7-03-007397-5 | |
| 000 | 00575nam0 2200205 450 | |
| 001 | 0741144344 | |
| 005 | 20070817112544.34 | |
| 010 | @a7-03-007397-5@d¥48.00 | |
| 100 | @a20070817d km y0chiy0120 ea | |
| 101 | 0 | @achi |
| 200 | 1 | @a神经生物学纲要@Ashen jing sheng wu xue gang yao@f徐科@Fxu ke |
| 210 | @a北京@c科学出版社@d2000 | |
| 215 | @a431@d26cm | |
| 225 | 2 | @a中国科学院研究生教学丛书 |
| 410 | 0 | @12001 @a中国科学院研究生教学丛书 |
| 606 | 0 | @a寄生物@x生物学 |
| 690 | @aQ189@v3 | |
| 701 | 0 | @a徐科@Axu ke |
| 801 | 0 | @aCN@bPFT@c20070817 |
| 905 | @a213230@dQ189@en1@f1 | |
| 神经生物学纲要/徐科.-北京:科学出版社,2000 |
| 431;26cm.-(中国科学院研究生教学丛书) |
| ISBN 7-03-007397-5:¥48.00 |
| ● |
| 相关链接 |
|
|
|
|
正题名:神经生物学纲要
索取号:Q189/n1
 
预约/预借
| 序号 | 登录号 | 条形码 | 馆藏地/架位号 | 状态 | 备注 |
| 1 | 6600083 | 266000837 | 生命科学系资料室/ [索取号:Q189/n1] | 在馆 | |
| 2 | 6600084 | 266000846 | 生命科学系资料室/ [索取号:Q189/n1] | 在馆 | |
| 3 | 6600085 | 266000855 | 生命科学系资料室/ [索取号:Q189/n1] | 在馆 |